000 00889nam a2200265Ia 4500
003 OSt
005 20220930094608.0
006 a|||||r|||| 00| 0
007 ta
008 220926b |||||||| |||| 00| 0 eng d
024 _a72249
037 _cTheses
040 _aCRL
_cCRL
_beng
041 _2eng
_aeng
100 _aRaajesh Kumar Au.
_9545972
110 _aUniversity of Delhi. Faculty of Social Sciences. Department of Political Science
_9520504
245 0 _aSocialist politics in india since 1967
_b a study of bihar and uttar pradesh
260 _c2021
300 _a163p.
_ap.
_ccm.
650 _aPolitical Science
700 _a Choudhary Sunil Kumar Gu.
_9555931
700 _aUniversity of Delhi. Faculty of Social Sciences. Department of Political Science
_9520505
942 _cDIS
_2CC
999 _c887369
_d887369